header

Postcolonial theory and organizational analysis (Record no. 87010)

MARC details
000 -LEADER
fixed length control field 01242nam a2200325Ia 4500
082 04 - DEWEY DECIMAL CLASSIFICATION NUMBER
Classification number 325/.3
245 00 - TITLE STATEMENT
Title Postcolonial theory and organizational analysis
260 ## - PUBLICATION, DISTRIBUTION, ETC. (IMPRINT)
Place of publication New York ;
-- Houndmills, England :
Name of publisher Palgrave Macmillan,
Year of publication 2003.
300 ## - PHYSICAL DESCRIPTION
Number of Pages xv, 309 p.
650 #0 - SUBJECT ADDED ENTRY--TOPICAL TERM
Topical Term Postcolonialism.
Topical Term Organization.
Topical Term Organizational sociology.
700 1# - ADDED ENTRY--PERSONAL NAME
Personal name Prasad, Anshuman.
856 40 - ELECTRONIC LOCATION AND ACCESS
Uniform Resource Identifier http://site.ebrary.com/lib/rucke/Doc?id=10135718

No items available.

© 2026 Rongo University
Contact us: librarian | system librarian | Rongo university